00613nam a2200193Ia 450000500170000000800410001702000150005808200210007324500850009426000500017930000170022965000120024665000130025865000120027170000180028394200060030195200970030799900150040420250129013950.0240331s9999 xx 000 0 und d a1842772031 bSIL21899a304.8 4aThe Hybrid Island:bCulture crossings and the invention of identity in Sri Lanka aColombobSocial Scientists' Associationc2002 avii, 177 p., aCulture aIdentity aSociety aSilva, Needt cL 001040708LaWERCLbWERCLcSSCd2024-03-31l0o 304.8 HYBp1899r2024-03-31w2024-03-31yL c1434d1434